000 00493nam a2200181Ia 4500
001 10545
005 20260306161840.0
008 260306t2020||||xx |||||||||||||| ||spa||
041 _aESP
082 _a940.21
_bM86
100 _aMoreno Jeria, Rodrigo,
_eAUT
245 0 _aEl humanismo las huellas de la innovación, desde Dante Alighieri hasta Filippo Brunelleschi
260 _c2020
300 _a181 pƔginas :
_c23 cm.
650 _aGEN
654 _aCHU
942 _cLIB
_dJUS
_fJUS
_2ddc
_n
999 _c10545
_d10545